000 00309nam a22001457a 4500
008 230516b ||||| |||| 00| 0 eng d
020 _a0415037506
041 _aeng
080 _a94
082 _a94ALE
100 _a28
101 _aHISTORI
245 _aHISTORY WORKSHOP
_cALEXANDER.S
942 _2udc
_cBK
999 _c59729
_d59729